Miss Harriet

Saved in:
Bibliografiske detaljer
Hovedforfatter: Maupassant, Guy de (autor)
Format: Bog
Sprog:fransk
Udgivet: París Albin Michel 1969
Fag:
Tags: Tilføj Tag
Ingen Tags, Vær først til at tagge denne postø!

MARC

LEADER 00000nam a2200000 a 4500
001 UCQ5171
003 CL-VaPUC
008 980925e19690000FR |||||||||||||||||fre|d
082 0 4 |a 843  |b MAU  |2 21 
100 |a Maupassant, Guy de   |e autor  |9 269358 
245 1 0 |a Miss Harriet 
300 |a 255 p 
942 |c BK 
945 |d 19980925 00:00:00  |a crobeson 
260 |a París  |b Albin Michel  |c 1969 
650 0 |a Cuentos franceses   |9 265569 
650 0 |a Literatura francesa  |9 266330 
583 |a last modification  |c 19980925 00:00:00  |k Rodrigo Vera 
999 |c 275387  |d 275385 
952 |0 0  |1 0  |4 0  |6 843_000000000000000_MAU_1969  |7 0  |8 A  |9 312124  |a BIBEDU  |b BIBEDU  |d 2019-11-20  |i 1468723  |o 843 MAU 1969  |p 1468723  |r 2019-11-20  |w 2019-11-20  |y BK  |k LIT